Lead times (Record no. 81422)
[ view plain ]
| 000 -LEADER | |
|---|---|
| fixed length control field | 00821cab a22001935a 4500 |
| 001 - CONTROL NUMBER | |
| control field | L147192 |
| 008 - FIXED-LENGTH DATA ELEMENTS--GENERAL INFORMATION | |
| fixed length control field | 090414e20090403xxkd f 000 0 eng d |
| 035 ## - SYSTEM CONTROL NUMBER | |
| System control number | (Sirsi) u147192 |
| 041 0# - LANGUAGE CODE | |
| Language code of text/sound track or separate title | eng |
| 100 1# - MAIN ENTRY--PERSONAL NAME | |
| Personal name | Moone, Brian |
| 245 00 - TITLE STATEMENT | |
| Title | Lead times |
| Remainder of title | January-March 2009 |
| 260 ## - PUBLICATION, DISTRIBUTION, ETC. | |
| Date of publication, distribution, etc. | 2009 |
| 490 #0 - SERIES STATEMENT | |
| Series statement | Building |
| Volume/sequential designation | 274(8573) 3 April 2009, 60-61 (2) |
| 520 ## - SUMMARY, ETC. | |
| Summary, etc. | Reports that lead times remain the same for all categories, except concrete works and specialist joinery. Lead times for concrete works decreased to nine weeks. They were reduced to 14 weeks for specialist joinery. Gives details of lead times for various products including piling, concrete works, structural steel frames, cladding and roofing. |
| 590 ## - LOCAL NOTE (RLIN) | |
| Local note | KA |
| 651 #4 - SUBJECT ADDED ENTRY--GEOGRAPHIC NAME | |
| Geographic name | United Kingdom |
| Chronological subdivision | |
| 690 ## - LOCAL SUBJECT ADDED ENTRY--TOPICAL TERM (OCLC, RLIN) | |
| Topical term or geographic name as entry element | BUILT ENVIRONMENT-BUILDING ELEMENTS |
| 942 ## - ADDED ENTRY ELEMENTS (KOHA) | |
| Suppress in OPAC | 0 |
| Withdrawn status | Lost status | Source of classification or shelving scheme | Damaged status | Not for loan | Home library | Current library | Shelving location | Date acquired | Total Checkouts | Full call number | Barcode | Date last seen | Copy number | Price effective from | Koha item type |
|---|---|---|---|---|---|---|---|---|---|---|---|---|---|---|---|
| Dewey Decimal Classification | London | London | Journal article | 14/04/2009 | L147192 | 147192-1001 | 06/08/2019 | 1 | 06/08/2019 | Journal article |